00455nam a2200193 a 4500001001300000003000900013005001700022008004100039020001000080082001500090100001600105245002200121260002800143300000900171500003500180505001300215650001700228700001600245nice12345678IN_TiNIC20260116012619.0050524s1839 newa grp 000 0 eng  ac10000a220.1bCLA aClark, Adam aSacred Literature aNew YorkbT Masonc1839 a420p aincludes index and biblioraphy2 aAppendix aBible-Origin1 aClark, Adam